[Event "XXI Festival A"]
[Site "Robecchetto con Induno ITA"]
[Date "2010.12.30"]
[Round "6"]
[White "Burlando, Alessandro"]
[Black "Giretti Kanev, Jasen"]
[Result "1/2-1/2"]
[WhiteElo "2132"]
[BlackElo "2185"]
[PlyCount "89"]
[EventDate "2010.12.27"]

1. d4 d5 2. c4 c6 3. Nf3 Nf6 4. Nc3 g6 5. Bf4 Bg7 6. e3 O-O 7. Rc1 Bg4 8. Qb3
Bxf3 9. gxf3 b6 10. cxd5 Nxd5 11. Nxd5 cxd5 12. Be2 e6 13. O-O Nd7 14. Bd6 Qg5+
15. Kh1 Rfd8 16. Rc7 Qf5 17. Rfc1 Nf6 18. Be7 Re8 19. Qd3 Qh3 20. Qd1 Qh4 21.
Qg1 Bf8 22. Bxf8 Kxf8 23. Qg3 Qxg3 24. hxg3 Re7 25. Rxe7 Kxe7 26. Rc7+ Kf8 27.
Bb5 a6 28. Bc6 Rb8 29. Kg2 h5 30. b4 Ng8 31. Ra7 Rc8 32. Bb7 Rc4 33. Rxa6 Rxb4
34. Ra8+ Kg7 35. Bc6 Ne7 36. Ba4 Kf6 37. Be8 Nf5 38. Ra7 Nd6 39. Ba4 Rb2 40.
Bb3 Nc4 41. e4 g5 42. exd5 exd5 43. Rc7 g4 44. Bxc4 dxc4 45. Rxc4 1/2-1/2

[Event "XXI Festival A"]
[Site "Robecchetto con Induno ITA"]
[Date "2010.12.30"]
[Round "6"]
[White "Cornaggia, Ranieri"]
[Black "Ubezio, Marco"]
[Result "1/2-1/2"]
[WhiteElo "2055"]
[BlackElo "2139"]
[PlyCount "72"]
[EventDate "2010.12.27"]

1. e4 e5 2. Nf3 Nc6 3. Bb5 Bc5 4. d3 Nd4 5. Nxd4 Bxd4 6. c3 Bb6 7. O-O c6 8.
Ba4 Qf6 9. Be3 Ne7 10. Nd2 O-O 11. Bc2 Ng6 12. Qf3 Qxf3 13. Nxf3 d6 14. Bxb6
axb6 15. d4 Bg4 16. Nd2 Be6 17. Bb3 Bxb3 18. Nxb3 Rfe8 19. Rfe1 Kf8 20. a3 Ke7
21. g3 f6 22. Nd2 b5 23. d5 c5 24. b3 Ra6 25. Ra2 Rea8 26. Rea1 Nf8 27. a4 Nd7
28. c4 bxa4 29. Rxa4 Nb6 30. Rxa6 Rxa6 31. Rxa6 bxa6 32. Kf1 g6 33. Ke2 h5 34.
Kd3 g5 35. h3 Kf7 36. Nf1 Nc8 1/2-1/2

[Event "XXI Festival A"]
[Site "Robecchetto con Induno ITA"]
[Date "2010.12.30"]
[Round "6"]
[White "Di Chiara, Mauro"]
[Black "Raselli, Claudio"]
[Result "1-0"]
[WhiteElo "1945"]
[BlackElo "1954"]
[PlyCount "77"]
[EventDate "2010.12.27"]

1. Nf3 c5 2. e3 Nf6 3. d4 cxd4 4. exd4 d5 5. c4 Bg4 6. Nc3 e6 7. cxd5 Nxd5 8.
Qa4+ Nd7 9. Ne5 N5b6 10. Qb3 Nxe5 11. dxe5 Bc5 12. Bb5+ Kf8 13. O-O Qh4 14. Ne4
Be7 15. f3 Bf5 16. Be3 Bxe4 17. fxe4 Qxe4 18. Bxb6 axb6 19. Qxe6 Bc5+ 20. Kh1
Qg6 21. Qd7 f6 22. exf6 gxf6 23. Rae1 Rg8 24. Qxb7 Rd8 25. Qc6 Kg7 26. Rd1 Rxd1
27. Rxd1 Kh8 28. Be2 Qg5 29. Bf3 Qf4 30. Qe6 Bd4 31. Qc4 Re8 32. Qf7 Rc8 33.
Qe6 Rc1 34. Qe8+ Kg7 35. Qe7+ Kh6 36. Qf8+ Kg6 37. Qe8+ Kg7 38. Qd7+ Kg6 39.
Be4+ 1-0

[Event "XXI Festival A"]
[Site "Robecchetto con Induno ITA"]
[Date "2010.12.30"]
[Round "6"]
[White "Guidi, Maurizio"]
[Black "Barlocco, Carlo"]
[Result "0-1"]
[WhiteElo "2068"]
[BlackElo "2168"]
[PlyCount "146"]
[EventDate "2010.12.27"]

1. e4 d6 2. d4 Nf6 3. Nc3 Nc6 4. Nf3 g6 5. h3 Bg7 6. Be3 O-O 7. Qd2 a6 8. a4 b6
9. Be2 Bb7 10. O-O Nb4 11. Rfd1 a5 12. d5 c6 13. dxc6 Bxc6 14. Bd3 Qc7 15. Nd4
Rac8 16. f3 Rfd8 17. Ncb5 Qb7 18. Nxc6 Rxc6 19. Nd4 Rc7 20. Nb5 Rcc8 21. Rac1
Nd7 22. c3 Nxd3 23. Qxd3 Nc5 24. Qc2 d5 25. exd5 Rxd5 26. Rxd5 Qxd5 27. b4 Na6
28. Qd1 Qe6 29. Bd2 Qc4 30. Qe1 Qa2 31. Ra1 Qc2 32. Qd1 Qxd1+ 33. Rxd1 Rd8 34.
bxa5 bxa5 35. Kf1 Nc5 36. Ke2 Nxa4 37. Ra1 Nc5 38. Be3 Nb7 39. Bb6 Rd5 40. Rb1
Nd6 41. Nc7 Rg5 42. g4 Re5+ 43. Kd3 a4 44. Bd4 Ra5 45. Rb8+ Bf8 46. Bb6 a3 47.
Be3 g5 48. Rb1 a2 49. Ra1 Bg7 50. Bb6 Ra3 51. Nd5 Kf8 52. Kc2 Ke8 53. Bc5 Ra5
54. Bxd6 exd6 55. Nb4 Ra3 56. Nd5 Kd7 57. Kb2 Ra5 58. Nb4 Re5 59. Nxa2 Re2+ 60.
Kb3 Rf2 61. Rh1 Rxf3 62. h4 h6 63. hxg5 hxg5 64. Rg1 Be5 65. Kb4 Rg3 66. Rxg3
Bxg3 67. Nc1 Ke6 68. Ne2 Be1 69. Kc4 Ke5 70. Kd3 Bf2 71. c4 Bc5 72. Nc3 Kf4 73.
Nd5+ Kxg4 0-1

[Event "XXI Festival A"]
[Site "Robecchetto con Induno ITA"]
[Date "2010.12.30"]
[Round "6"]
[White "Mazzariol, Oscar"]
[Black "Cardani, Roberto"]
[Result "0-1"]
[WhiteElo "2089"]
[BlackElo "1933"]
[PlyCount "60"]
[EventDate "2010.12.27"]

1. e4 c5 2. Nf3 d6 3. c3 Nf6 4. Be2 g6 5. O-O Bg7 6. Re1 O-O 7. Bc4 Nc6 8. h3
d5 9. exd5 Nxd5 10. d4 cxd4 11. Nxd4 Nxd4 12. cxd4 Nb6 13. Bb3 Bxd4 14. Qf3 Qc7
15. Nc3 Bg7 16. Bg5 e6 17. Rac1 Nd7 18. Be7 Ne5 19. Rxe5 Qxe5 20. Bxf8 Kxf8 21.
Rd1 Bf6 22. Nb5 Be7 23. Nd4 a5 24. Qc3 Bd6 25. g3 Kg8 26. Qd3 Bc5 27. Nb5 b6
28. Nd6 Ba6 29. Qf3 Rf8 30. Ne4 Bd4 0-1

[Event "XXI Festival A"]
[Site "Robecchetto con Induno ITA"]
[Date "2010.12.30"]
[Round "6"]
[White "Rambaldi, Francesco"]
[Black "Gonella, Daniele"]
[Result "1-0"]
[WhiteElo "2084"]
[BlackElo "2003"]
[PlyCount "47"]
[EventDate "2010.12.27"]

1. d4 d5 2. c4 c6 3. Nc3 e6 4. e4 dxe4 5. Nxe4 Bb4+ 6. Bd2 Qxd4 7. Bxb4 Qxe4+
8. Be2 Na6 9. Bd6 f6 10. Nf3 b6 11. O-O Bb7 12. Ng5 fxg5 13. Bh5+ g6 14. Re1
Qxe1+ 15. Qxe1 Kf7 16. Be5 Nf6 17. Qc3 gxh5 18. Bxf6 Rhg8 19. Qf3 Kg6 20. Be7
h6 21. Re1 Nc7 22. Bd6 Ne8 23. Rxe6+ Kh7 24. Qf5+ 1-0

[Event "XXI Festival A"]
[Site "Robecchetto con Induno ITA"]
[Date "2010.12.30"]
[Round "6"]
[White "Ranfagni, Stefano"]
[Black "Formento, Paolo"]
[Result "0-1"]
[WhiteElo "2003"]
[BlackElo "1976"]
[PlyCount "106"]
[EventDate "2010.12.27"]

1. e4 e6 2. d4 d5 3. Nd2 Be7 4. Ngf3 Nf6 5. e5 Nfd7 6. Bd3 c5 7. c3 Nc6 8. O-O
g5 9. g4 Qb6 10. dxc5 Nxc5 11. Nb3 Nxd3 12. Qxd3 h6 13. Be3 Qc7 14. Rac1 O-O
15. Bd4 Kg7 16. Kg2 f5 17. exf6+ Bxf6 18. h4 Qf4 19. Nh2 Ne5 20. Qg3 Qxg3+ 21.
fxg3 Nc4 22. Bxf6+ Rxf6 23. Rxf6 Kxf6 24. Rf1+ Kg7 25. Rf2 e5 26. Re2 Bd7 27.
Nc5 Bc6 28. Kh3 b6 29. Nd3 e4 30. Nb4 Bb7 31. b3 Ne5 32. Nf1 a5 33. Nc2 Bc8 34.
Nfe3 Nxg4 35. Nxg4 h5 36. Nce3 hxg4+ 37. Kg2 gxh4 38. gxh4 Be6 39. Kg3 Rf8 40.
Rf2 Rc8 41. Rc2 b5 42. a3 d4 43. cxd4 Rxc2 44. Nxc2 Bxb3 45. Na1 Bd1 46. Kf4 b4
47. axb4 axb4 48. Kxe4 b3 49. Nxb3 Bxb3 50. Kf4 Be6 51. d5 Bd7 52. d6 Kh6 53.
Kg3 Kh5 0-1

[Event "XXI Festival A"]
[Site "Robecchetto con Induno ITA"]
[Date "2010.12.30"]
[Round "6"]
[White "Siclari, Giovanni"]
[Black "Andreoli, Mark"]
[Result "0-1"]
[WhiteElo "1926"]
[BlackElo "1995"]
[PlyCount "46"]
[EventDate "2010.12.27"]

1. f4 e5 2. fxe5 d6 3. exd6 Bxd6 4. Nf3 Nf6 5. d4 c5 6. dxc5 Qa5+ 7. c3 Qxc5 8.
Qd4 Qc7 9. Bg5 Nc6 10. Qe3+ Be6 11. Bxf6 gxf6 12. Nd4 Nxd4 13. cxd4 O-O-O 14.
g3 Bd5 15. Rg1 Bb4+ 16. Nc3 Rhe8 17. Qd2 Kb8 18. Qf4 Bd6 19. Nxd5 Qa5+ 20. Qd2
Qxd5 21. Bg2 Qc4 22. a3 Bc7 23. Rd1 Rxd4 0-1

[Event "XXI Festival A"]
[Site "Robecchetto con Induno ITA"]
[Date "2010.12.30"]
[Round "6"]
[White "Temi, Walter"]
[Black "Okhotnik, Vladimir"]
[Result "0-1"]
[WhiteElo "2100"]
[BlackElo "2428"]
[PlyCount "56"]
[EventDate "2010.12.27"]

1. e4 d5 2. Nc3 dxe4 3. Nxe4 Qd5 4. Nc3 Qa5 5. d4 Nf6 6. Nf3 c6 7. Ne5 Nbd7 8.
Nc4 Qc7 9. g3 Nb6 10. Bf4 Qd8 11. Qd2 Be6 12. Na5 Nbd5 13. Nxd5 Bxd5 14. f3 b6
15. Nc4 Bxf3 16. Qe3 Be4 17. Rg1 e6 18. O-O-O Be7 19. g4 Bg6 20. Qg3 Nd5 21.
Nd2 O-O 22. Bg2 Bh4 23. Qf3 c5 24. dxc5 Qc8 25. Qh3 Qxc5 26. Bf1 Qxg1 27. Qxh4
Qc5 28. Qg3 Rac8 0-1

[Event "II Open Praiascacchi"]
[Site "Praia a Mare ITA"]
[Date "2010.03.31"]
[Round "1"]
[White "Annuzzi, Giovanni"]
[Black "Di Tomaso, Stefano"]
[Result "1-0"]
[WhiteElo "1500"]
[BlackElo "1389"]
[PlyCount "51"]
[EventDate "2010.03.31"]

1. g3 b6 2. Bg2 Nc6 3. d4 Bb7 4. c4 Na5 5. Qc2 d5 6. Nd2 e6 7. Ngf3 Bd6 8. Nb3
Nxb3 9. axb3 Nf6 10. e3 Ne4 11. Qe2 Qe7 12. Nd2 Nxd2 13. Bxd2 f5 14. f4 Ba6 15.
Rxa6 c6 16. O-O Bb4 17. Ra4 Bxd2 18. Qxd2 a5 19. b4 O-O 20. bxa5 Qa7 21. Rfa1
Rfb8 22. b4 bxa5 23. Rxa5 Qb6 24. Rxa8 Rxa8 25. Rxa8+ Kf7 26. c5 1-0

[Event "II Open Praiascacchi"]
[Site "Praia a Mare ITA"]
[Date "2010.03.31"]
[Round "1"]
[White "Brogneri, Giovanni"]
[Black "Cottone, Salvatore"]
[Result "1/2-1/2"]
[WhiteElo "1661"]
[BlackElo "1963"]
[PlyCount "68"]
[EventDate "2010.03.31"]

1. e4 d6 2. d4 Nf6 3. Bd3 e5 4. c3 Be7 5. Nf3 Nbd7 6. O-O O-O 7. h3 c6 8. Re1
Qc7 9. dxe5 dxe5 10. Be3 Nc5 11. Bxc5 Bxc5 12. b4 Bb6 13. a4 a5 14. Nbd2 Be6
15. Qc2 h6 16. Nc4 Bxc4 17. Bxc4 Rac8 18. Red1 Rfe8 19. Kf1 Ba7 20. Be2 Qb6 21.
Bd3 axb4 22. a5 Qc7 23. cxb4 Qe7 24. Qb2 Rcd8 25. Bc2 Bb8 26. Rab1 Rxd1+ 27.
Rxd1 Bd6 28. b5 cxb5 29. Qxb5 Rc8 30. Bd3 Rc5 31. Qb6 Qc7 32. Qxc7 Bxc7 33. Rb1
Bxa5 34. Rxb7 Bc3 1/2-1/2

[Event "II Open Praiascacchi"]
[Site "Praia a Mare ITA"]
[Date "2010.03.31"]
[Round "1"]
[White "Cardinale, Francesco"]
[Black "Stoduto, Francesco"]
[Result "1-0"]
[WhiteElo "1600"]
[BlackElo "1485"]
[PlyCount "105"]
[EventDate "2010.03.31"]

1. e4 e6 2. d4 d5 3. e5 c5 4. c3 Nc6 5. Nf3 Qb6 6. a3 Nge7 7. b4 cxd4 8. cxd4
Nf5 9. Bb2 g6 10. Bd3 Nce7 11. Nc3 Nxd4 12. Nxd4 Bd7 13. Na4 Qc7 14. Nb5 Bxb5
15. Bxb5+ Nc6 16. Rc1 Be7 17. h4 Rd8 18. Nc5 Qb6 19. Bxc6+ bxc6 20. Bd4 Qb5 21.
Qa4 Bxc5 22. Qxb5 cxb5 23. Bxc5 Rc8 24. O-O Kd7 25. Bd4 Ra8 26. Rc5 Rhc8 27.
Rfc1 a6 28. R1c3 Rab8 29. g4 Ra8 30. f4 Rab8 31. Kf2 Rxc5 32. Bxc5 Rc8 33. Ke3
Ke8 34. Kd4 Kd7 35. Bb6 Rxc3 36. Kxc3 Kc6 37. Ba5 Kb7 38. Kd4 Kc6 39. Bd8 Kd7
40. Bf6 Kc6 41. h5 Kb6 42. hxg6 hxg6 43. f5 Kc6 44. fxe6 fxe6 45. Be7 Kd7 46.
Bc5 Ke8 47. Bb6 Kd7 48. Kc5 Kc8 49. Kc6 Kb8 50. Kd7 Kb7 51. Bd4 a5 52. Kxe6 Kc6
53. Kf7 1-0

[Event "II Open Praiascacchi"]
[Site "Praia a Mare ITA"]
[Date "2010.03.31"]
[Round "1"]
[White "Condorelli, Roberto"]
[Black "Simone, Leo"]
[Result "1/2-1/2"]
[WhiteElo "1605"]
[BlackElo "1921"]
[PlyCount "72"]
[EventDate "2010.03.31"]

1. Nf3 d5 2. d4 Bf5 3. c4 e6 4. cxd5 exd5 5. Qb3 b6 6. Nc3 Nf6 7. Bg5 c6 8. e3
Be7 9. Ne5 Nfd7 10. Bf4 Nxe5 11. Bxe5 O-O 12. Be2 Re8 13. g4 Be6 14. Bg3 Qd7
15. h3 Qd8 16. O-O-O b5 17. h4 a5 18. Qc2 a4 19. f4 Qa5 20. f5 Bd7 21. g5 b4
22. f6 bxc3 23. fxe7 cxb2+ 24. Kxb2 Rxe7 25. Be5 g6 26. h5 Bf5 27. Bd3 Bxd3 28.
Rxd3 Rb7+ 29. Ka1 Qb5 30. hxg6 fxg6 31. Rdd1 Raa7 32. Rxh7 Rxh7 33. Qxg6+ Kf8
34. Qf6+ Ke8 35. Qg6+ Raf7 36. Qe6+ Kd8 1/2-1/2

[Event "II Open Praiascacchi"]
[Site "Praia a Mare ITA"]
[Date "2010.03.31"]
[Round "1"]
[White "Di Tomaso, Saverio"]
[Black "Violi, Vincenzo"]
[Result "0-1"]
[WhiteElo "1464"]
[BlackElo "1599"]
[PlyCount "88"]
[EventDate "2010.03.31"]

1. e4 c5 2. Bc4 d6 3. d3 Nf6 4. Nc3 e6 5. Bb3 a6 6. Be3 b5 7. a3 Bb7 8. Nf3
Nbd7 9. Bg5 Be7 10. e5 Nxe5 11. Nxe5 dxe5 12. f3 Nd5 13. Bxe7 Qxe7 14. Bxd5
exd5 15. O-O O-O 16. Qe2 Rae8 17. Rfe1 Qd6 18. b3 c4 19. dxc4 dxc4 20. bxc4
Qd4+ 21. Kh1 Qxc3 22. cxb5 axb5 23. Rab1 e4 24. Qf2 exf3 25. gxf3 Rxe1+ 26.
Rxe1 Qxf3+ 27. Qxf3 Bxf3+ 28. Kg1 g6 29. Re3 Bd5 30. c3 Be6 31. Re5 Ra8 32.
Rxb5 Rxa3 33. Rc5 Ra2 34. Rc7 Rc2 35. Kf1 Rxh2 36. Ke1 Rc2 37. Kd1 Bb3 38. Ke1
Kg7 39. Rc6 h5 40. Kf1 h4 41. Kg1 h3 42. Kh1 Bd5+ 43. Kg1 h2+ 44. Kf1 h1=Q# 0-1

[Event "II Open Praiascacchi"]
[Site "Praia a Mare ITA"]
[Date "2010.03.31"]
[Round "1"]
[White "Familari, Giuseppe"]
[Black "Ljubisavljevic, Zivojin Z."]
[Result "0-1"]
[WhiteElo "1891"]
[BlackElo "2260"]
[PlyCount "76"]
[EventDate "2010.03.31"]

1. d4 d5 2. Nf3 c6 3. Bf4 Qb6 4. Nbd2 Qxb2 5. e3 Nf6 6. Bd3 Qc3 7. O-O Qa5 8.
h3 g6 9. Qe2 Bg7 10. e4 dxe4 11. Nxe4 Nxe4 12. Bxe4 O-O 13. Bd3 Qd8 14. Rab1 a5
15. Rfe1 e6 16. c3 Nd7 17. Qd2 a4 18. Bg5 Nf6 19. Ne5 Qc7 20. Bf4 Qd8 21. Bg5
Qe8 22. Bc2 b5 23. Bxf6 Bxf6 24. Nxc6 Qxc6 25. Be4 Qa6 26. Bxa8 Qxa8 27. Rxb5
Bb7 28. f4 Bd5 29. Reb1 Kg7 30. Kh2 h5 31. Re1 Rd8 32. Qb2 h4 33. Re2 Qa7 34.
Qc1 Be4 35. Reb2 Be7 36. Qe3 a3 37. Qxe4 axb2 38. Rb7 Qa8 0-1

[Event "II Open Praiascacchi"]
[Site "Praia a Mare ITA"]
[Date "2010.03.31"]
[Round "1"]
[White "Gad, Ahmad"]
[Black "Alagia, Pietro"]
[Result "1-0"]
[WhiteElo "1963"]
[BlackElo "1688"]
[PlyCount "43"]
[EventDate "2010.03.31"]

1. e4 e5 2. Nf3 d6 3. Bc4 Be7 4. O-O Nc6 5. c3 Nf6 6. Qe2 O-O 7. h3 Nh5 8. d4
Nf4 9. Bxf4 exf4 10. b4 Bf6 11. Nbd2 g5 12. b5 Na5 13. Bd3 h5 14. e5 Re8 15.
Qe4 g4 16. Qh7+ Kf8 17. exf6 Qxf6 18. hxg4 Bxg4 19. Rfe1 Re7 20. Rxe7 Kxe7 21.
Re1+ Kd7 22. Ne4 1-0

[Event "II Open Praiascacchi"]
[Site "Praia a Mare ITA"]
[Date "2010.03.31"]
[Round "1"]
[White "Mammoliti, Salvatore Remig"]
[Black "Dagnino, Marcello"]
[Result "0-1"]
[WhiteElo "1416"]
[BlackElo "1555"]
[PlyCount "116"]
[EventDate "2010.03.31"]

1. c4 g6 2. Nc3 e6 3. Nf3 Bg7 4. e3 Ne7 5. d4 d5 6. h3 a6 7. Bd3 Nbc6 8. O-O
O-O 9. a3 e5 10. Ne2 e4 11. Bxe4 dxe4 12. Nd2 f5 13. Qb3 Kh8 14. Nf4 Na5 15.
Qc3 b6 16. b4 Nb7 17. Bb2 Nd6 18. Qb3 Qe8 19. d5 Qf7 20. Bxg7+ Qxg7 21. c5 bxc5
22. Ne6 Bxe6 23. dxe6 Rab8 24. Nc4 Nc6 25. Nxd6 cxd6 26. Qd5 Qc7 27. bxc5 Rbd8
28. Qc4 d5 29. Qc3+ Kg8 30. Rfd1 Qg7 31. Qxg7+ Kxg7 32. Rd2 Kf6 33. Rad1 Kxe6
34. Kh2 Rd7 35. Rb1 Rb8 36. Rxb8 Nxb8 37. Rb2 Nc6 38. Rb6 Rc7 39. Rxa6 Kd7 40.
Rb6 Ne7 41. Rd6+ Ke8 42. Ra6 Rxc5 43. Ra7 Kd8 44. Kg3 g5 45. Ra6 Rc6 46. Ra4
Rc4 47. Ra5 d4 48. Ra8+ Nc8 49. Ra5 d3 50. Rd5+ Ke8 51. Rxf5 Ne7 52. Rb5 d2 53.
Rb8+ Rc8 54. Rb4 d1=Q 55. Rxe4 Qd6+ 56. Kf3 Kf7 57. g4 Rc2 58. Rd4 Qh2 0-1

[Event "II Open Praiascacchi"]
[Site "Praia a Mare ITA"]
[Date "2010.03.31"]
[Round "1"]
[White "Maradei, Francesco"]
[Black "Greco, Simone"]
[Result "0-1"]
[WhiteElo "1440"]
[BlackElo "1587"]
[PlyCount "72"]
[EventDate "2010.03.31"]

1. Nf3 Nc6 2. e4 e5 3. Nc3 Nf6 4. Bc4 h6 5. O-O d6 6. h3 Be7 7. d3 Bd7 8. Be3
a6 9. d4 exd4 10. Bxd4 b5 11. Bxf6 Bxf6 12. Bd5 Rb8 13. Bxc6 Bxc6 14. Re1 O-O
15. e5 dxe5 16. Qxd8 Rfxd8 17. Nxe5 Bxe5 18. Rxe5 Re8 19. Rf5 b4 20. Nd5 Rb5
21. Nxc7 Rxf5 22. Nxe8 Bxe8 23. g4 Rc5 24. Re1 Bb5 25. h4 Rxc2 26. Re5 Rxb2 27.
f4 Rxa2 28. g5 Ra1+ 29. Kf2 Rf1+ 30. Kg3 hxg5 31. fxg5 b3 32. Rd5 b2 33. Rd6
b1=Q 34. h5 Qb3+ 35. Kg4 Qf3+ 36. Kh4 Rh1# 0-1

[Event "II Open Praiascacchi"]
[Site "Praia a Mare ITA"]
[Date "2010.03.31"]
[Round "1"]
[White "Orenga, Antonio"]
[Black "Mercuri, Delia"]
[Result "1/2-1/2"]
[WhiteElo "1404"]
[BlackElo "1520"]
[PlyCount "131"]
[EventDate "2010.03.31"]

1. e4 e5 2. Nf3 Nf6 3. Nxe5 d6 4. Nf3 Nxe4 5. Qe2 Qe7 6. d3 Nf6 7. Bg5 Qxe2+ 8.
Bxe2 Be7 9. Nc3 Be6 10. O-O O-O 11. Nd2 c6 12. Nde4 Nbd7 13. Nxf6+ Nxf6 14. Ne4
Kh8 15. Nxf6 gxf6 16. Bd2 Rg8 17. Rfe1 Bd5 18. Bf1 Be6 19. Re3 d5 20. Rae1 Bd6
21. d4 Bf4 22. R3e2 Bd6 23. Bc1 Bf5 24. c3 h5 25. g3 h4 26. Re3 hxg3 27. fxg3
Be6 28. Rf3 f5 29. Bd3 f4 30. Bxf4 Bxf4 31. Rxf4 Kg7 32. Re5 Rh8 33. Bf5 Rh6
34. Bxe6 fxe6 35. Rg5+ Rg6 36. Rfg4 Rxg5 37. Rxg5+ Kf6 38. h4 Re8 39. Re5 c5
40. Kf2 b5 41. a3 a5 42. g4 b4 43. g5+ Kg6 44. dxc5 bxc3 45. bxc3 Rf8+ 46. Kg3
Kf7 47. h5 Rc8 48. g6+ Kf6 49. Re3 Rxc5 50. Rf3+ Kg7 51. Rf7+ Kg8 52. Rf3 d4
53. cxd4 Rxh5 54. Rf6 Rd5 55. Rf4 Kg7 56. Rg4 e5 57. Kf3 exd4 58. Ke4 Rd7 59.
Kd3 Rb7 60. Kc4 d3 61. Rd4 Kxg6 62. Rxd3 Kf7 63. Rd5 Ra7 64. a4 Ke6 65. Rh5 Kd6
66. Kb5 1/2-1/2

[Event "II Open Praiascacchi"]
[Site "Praia a Mare ITA"]
[Date "2010.03.31"]
[Round "1"]
[White "Palazzotto, Roberto"]
[Black "Tarantino, Gianfranco"]
[Result "1-0"]
[WhiteElo "1965"]
[BlackElo "1613"]
[PlyCount "55"]
[EventDate "2010.03.31"]

1. e4 e5 2. Nf3 Nc6 3. Bb5 d6 4. d4 a6 5. Bxc6+ bxc6 6. dxe5 Qe7 7. Qd4 dxe5 8.
Qxe5 Be6 9. O-O Nf6 10. Bg5 Qd7 11. Nc3 Bd6 12. Qd4 Bg4 13. e5 Bxf3 14. gxf3
Qf5 15. Bh4 Bxe5 16. Rfe1 Nd7 17. Bg3 f6 18. f4 Qg4 19. Qe4 f5 20. Qxc6 O-O-O
21. fxe5 Nb8 22. Qe6+ Rd7 23. Rad1 Rhd8 24. Rxd7 Nxd7 25. Qxa6+ Kb8 26. Nb5 Qf3
27. Qa7+ Kc8 28. Qxc7# 1-0

[Event "II Open Praiascacchi"]
[Site "Praia a Mare ITA"]
[Date "2010.03.31"]
[Round "1"]
[White "Paragliola, Gennaro"]
[Black "Guglielmi, Dante"]
[Result "0-1"]
[WhiteElo "1600"]
[BlackElo "1904"]
[PlyCount "64"]
[EventDate "2010.03.31"]

1. d4 d5 2. c4 e6 3. Nc3 Nf6 4. Bg5 Nbd7 5. e3 Be7 6. Nf3 c6 7. Bd3 O-O 8. O-O
a6 9. h3 dxc4 10. Bxc4 b5 11. Bd3 c5 12. dxc5 Nxc5 13. Bc2 Bb7 14. Nd4 Qc7 15.
Rc1 Rad8 16. Qe2 Qe5 17. Bd1 Qxg5 18. Nf3 Bxf3 19. Qxf3 Rd2 20. Bc2 Rfd8 21.
Nb1 R2d7 22. Qc6 Qd5 23. Qb6 Qb7 24. Qa5 Nd3 25. Bxd3 Rxd3 26. Rc7 Bb4 27. Rxb7
Bxa5 28. a3 R3d7 29. Rxd7 Rxd7 30. Rc1 Rc7 31. Rd1 Kf8 32. Rd6 Rc1+ 0-1

[Event "II Open Praiascacchi"]
[Site "Praia a Mare ITA"]
[Date "2010.03.31"]
[Round "1"]
[White "Rametta, Marcello"]
[Black "Cordi', Domenico"]
[Result "0-1"]
[WhiteElo "1785"]
[BlackElo "2055"]
[PlyCount "46"]
[EventDate "2010.03.31"]

1. e4 Nf6 2. Nc3 d5 3. exd5 Nxd5 4. Nxd5 Qxd5 5. Qf3 c6 6. Be2 e5 7. c4 Qe6 8.
d3 Bb4+ 9. Bd2 Bxd2+ 10. Kxd2 O-O 11. Rd1 Rd8 12. Kc2 c5 13. Qe4 Nc6 14. Nf3
Qf6 15. g4 b6 16. Kb1 Bb7 17. Rhe1 Rd7 18. Qe3 Rad8 19. h4 h6 20. g5 hxg5 21.
hxg5 Qf5 22. Nh2 Nb4 23. Bf1 Nxd3 0-1

[Event "II Open Praiascacchi"]
[Site "Praia a Mare ITA"]
[Date "2010.03.31"]
[Round "1"]
[White "Tricomi, Massimo"]
[Black "Gad, Alessandro"]
[Result "0-1"]
[WhiteElo "1918"]
[BlackElo "1605"]
[PlyCount "98"]
[EventDate "2010.03.31"]

1. c4 e6 2. Nc3 b6 3. Nf3 Bb7 4. g3 f5 5. Bg2 Nf6 6. O-O Bb4 7. Qc2 O-O 8. a3
Bxc3 9. Qxc3 Ne4 10. Qc2 c5 11. b4 Qc7 12. d3 Nf6 13. Bb2 d6 14. bxc5 bxc5 15.
Bh3 Nbd7 16. Qc3 Nb6 17. Qc2 Qf7 18. Bg2 Qh5 19. Rfb1 e5 20. Ne1 Bxg2 21. Kxg2
Ng4 22. h3 Rf6 23. Nf3 Raf8 24. Rh1 Nh6 25. Bc1 Qe8 26. Bg5 e4 27. Bxf6 exf3+
28. exf3 Rxf6 29. Rae1 Re6 30. Qd2 f4 31. Rxe6 Qxe6 32. Qxf4 Nf5 33. Qd2 Nd4
34. Re1 Qf7 35. Re3 Kf8 36. Qd1 d5 37. cxd5 Nxd5 38. Re5 Nc3 39. Qd2 Qxf3+ 40.
Kh2 Qf6 41. Re3 Nd5 42. Kg2 Nxe3+ 43. Qxe3 Qc6+ 44. f3 Qe6 45. Qf4+ Kg8 46.
Qb8+ Kf7 47. Qxa7+ Kg6 48. Qxc5 Qe2+ 49. Kg1 Nxf3+ 0-1

[Event "II Open Praiascacchi"]
[Site "Praia a Mare ITA"]
[Date "2010.03.31"]
[Round "1"]
[White "Valguarnera, Girolamo"]
[Black "Carlomagno, Vincenzo"]
[Result "1-0"]
[WhiteElo "2121"]
[BlackElo "1863"]
[PlyCount "73"]
[EventDate "2010.03.31"]

1. e4 c5 2. Nf3 d6 3. d4 cxd4 4. Nxd4 Nf6 5. Nc3 a6 6. Bc4 e6 7. Bb3 b5 8. O-O
Be7 9. f4 Bb7 10. f5 e5 11. Nde2 Nbd7 12. Ng3 Rc8 13. Be3 h5 14. Nd5 h4 15. Nh1
h3 16. gxh3 Rxh3 17. Rf3 Rh4 18. Nf2 Nxe4 19. Nxe4 Rxe4 20. Rh3 Rh4 21. Rxh4
Bxh4 22. Qh5 Bxd5 23. Bxd5 Qf6 24. c3 g6 25. fxg6 Qxg6+ 26. Qxg6 fxg6 27. Bb7
Rc4 28. Bxa6 Rg4+ 29. Kf1 b4 30. a4 bxc3 31. bxc3 Nc5 32. Bb5+ Kd8 33. a5 Kc7
34. a6 Kb8 35. a7+ Ka8 36. Bxc5 Rf4+ 37. Kg2 1-0

[Event "II Open Praiascacchi"]
[Site "Praia a Mare ITA"]
[Date "2010.04.01"]
[Round "2"]
[White "Alagia, Pietro"]
[Black "Di Tomaso, Saverio"]
[Result "1-0"]
[WhiteElo "1688"]
[BlackElo "1464"]
[PlyCount "41"]
[EventDate "2010.03.31"]

1. d4 d5 2. Nf3 Bf5 3. g3 Nf6 4. Bg2 e6 5. c3 Nc6 6. Nbd2 Bd6 7. Nf1 h6 8. Ne3
Bh7 9. O-O O-O 10. c4 Be7 11. b3 b6 12. Ne5 Qd6 13. Bb2 Rad8 14. Rc1 dxc4 15.
Nxc6 Rc8 16. Nxc4 Qb4 17. Nxb4 Bxb4 18. Ba3 Bxa3 19. Nxa3 Nd5 20. Nb5 Nc3 21.
Nxc3 1-0

[Event "II Open Praiascacchi"]
[Site "Praia a Mare ITA"]
[Date "2010.04.01"]
[Round "2"]
[White "Cordi', Domenico"]
[Black "Fiorentino, Vincenzo"]
[Result "1-0"]
[WhiteElo "2055"]
[BlackElo "1575"]
[PlyCount "63"]
[EventDate "2010.03.31"]

1. e4 c5 2. Nf3 d6 3. d4 cxd4 4. Nxd4 Nf6 5. Nc3 a6 6. Be2 e6 7. g4 Qc7 8. g5
Nfd7 9. Be3 Ne5 10. Qd2 Nc4 11. Bxc4 Qxc4 12. O-O-O b5 13. Kb1 Bb7 14. f3 Nd7
15. h4 b4 16. Nce2 a5 17. h5 Ba6 18. g6 f6 19. b3 Qc8 20. Nxe6 a4 21. Nxf8 Nxf8
22. Nf4 axb3 23. axb3 Be2 24. Nxe2 Qa6 25. Bd4 Ne6 26. Bb2 Ke7 27. gxh7 Qa2+
28. Kc1 Ra6 29. Qxb4 Nc5 30. Nc3 Qa5 31. Qxa5 Rxa5 32. b4 1-0

[Event "II Open Praiascacchi"]
[Site "Praia a Mare ITA"]
[Date "2010.04.01"]
[Round "2"]
[White "Cottone, Salvatore"]
[Black "Giacoia, Dario"]
[Result "1-0"]
[WhiteElo "1963"]
[BlackElo "1571"]
[PlyCount "63"]
[EventDate "2010.03.31"]

1. d4 g6 2. Nf3 Bg7 3. c3 d6 4. Nbd2 e5 5. dxe5 dxe5 6. e4 f5 7. Qc2 Qf6 8. Bd3
Ne7 9. O-O O-O 10. Nc4 Nbc6 11. Bg5 Qe6 12. Rad1 f4 13. Na3 Qg4 14. h3 Qh5 15.
Nb5 Bxh3 16. Qb3+ Kh8 17. Nxc7 Rab8 18. Rfe1 Bg4 19. Bxe7 Nxe7 20. Ne6 Bxf3 21.
gxf3 Rfc8 22. Nxg7 Kxg7 23. Qe6 Nc6 24. Kg2 Rc7 25. Rh1 Qg5+ 26. Kf1 Rd8 27.
Ke2 Rcd7 28. Qh3 h5 29. Rhg1 Qf6 30. Qxh5 Rh8 31. Qg4 Rh4 32. Qxd7+ 1-0